El reto hispano /

Guardado en:
Bibliografiske detaljer
Hovedforfatter: Huntington, Samuel P.
Format: Texto
Fag:
Tags: Tilføj Tag
Ingen Tags, Vær først til at tagge denne postø!

MARC

LEADER 00000 a a2200000 04500
001 44025
003
040
100 |a Huntington, Samuel P.  
245 |a El reto hispano /  |c Samuel P. Huntington  
650 |a INMIGRANTES  
650 |a PLURALISMO CULTURAL  
650 |a MEXICANOS  
650 |a AMERICA LATINA  
650 |a ESTADOS UNIDOS  
773 |g número41 ( , 2006), páginas 10-20  
999 |c 35417  |d 35417